000 01295cam a22003251i 4500
003 SA-RiAUC
005 20250303092637.0
008 250202s1993 mr a g b 00000 ara c
020 _a9981817015
040 _aSA-RiAUC
_bara
_cSA-RiAUC
_erda
041 1 _aara
_heng
082 0 4 _a366.1
_qSA-RiAUC
090 _a366.1
_bد ا ر
100 1 _aدارول، أركون،
_d1924-1996
_eمؤلف.
240 1 2 _aA history of secret societies.
_lArabic.
245 1 0 _aتاريخ الجماعات السرية /
_cأركون دارول ؛ ترجمة عبد الهادي عبد الرحمن.
250 _aالطبعة الأولى.
264 1 _aالرباط :
_bتانيت للنشر،
_c1993
300 _a172 صفحة :
_bرسوم ؛
_c24 سم
336 _aنص
_btxt
_2rdacontent
_3كتاب
337 _aبدون وسيط
_bn
_2rdamedia
338 _aمجلد
_bnc
_2rdacarrier
504 _aيشتمل على إرجاعات ببليوجرافية.
650 7 _aالماسونية
_2aucsh
650 7 _aالجمعيات السرية
_2aucsh
700 1 _aعبد الرحمن، عبد الهادي
_eمترجم.
700 1 2 _iترجمة لـ :
_aدارول، أركون،
_d1924-1996.
_tA history of secret societies.
942 _2ddc
_cBOOK
_n0
949 _aSA-JeALM
_d250202
_umohamedma123
_n1
999 _c6247
_d6247